Tratado de derecho administrativo (Registro nro. 943)

Detalles MARC
000 -LEADER
fixed length control field 01323 a2200217 4500
001 - CONTROL NUMBER
control field 22284
005 - DATE AND TIME OF LATEST TRANSACTION
control field 20260407155512.0
008 - FIXED-LENGTH DATA ELEMENTS--GENERAL INFORMATION
fixed length control field 260407a1964 arg spa d
003 - CONTROL NUMBER IDENTIFIER
control field AR-UNSa-BCEJYS
040 ## - CATALOGING SOURCE
Original cataloging agency AR-UNSa-BCEJYS
Language of cataloging spa
Transcribing agency AR-UNSa-BCEJYS
080 ## - UNIVERSAL DECIMAL CLASSIFICATION NUMBER
Universal Decimal Classification number 342.9
Common auxiliary subdivision Derecho Administrativo
041 ## - LANGUAGE CODE
Language code of text/sound track or separate title spa
100 1# - MAIN ENTRY--PERSONAL NAME
Personal name Marienhoff, Miguel S.
245 10 - TITLE STATEMENT
Title Tratado de derecho administrativo
250 ## - EDITION STATEMENT
Edition statement 2a. ed
264 #1 - PRODUCTION, PUBLICATION, DISTRIBUTION, MANUFACTURE, AND COPYRIGHT NOTICE
Place of production, publication, distribution, manufacture Buenos Aires :
Name of producer, publisher, distributor, manufacturer Abeledo Perrot
Date of production, publication, distribution, manufacture, or copyright notice 1964
300 ## - PHYSICAL DESCRIPTION
Extent viii, 804 p.
Dimensions 22 cm.
505 ## - FORMATTED CONTENTS NOTE
Formatted contents note Titulo I:1. Administración Pública - Titulo II: 1. Derecho Administrativo - 2. Relaciones del derecho administrativo - 3.Fuentes del derecho administrativo - 4. Codificación del derecho administrativo - 5. El método en derecho administrativo - Titulo III : 1. La personalidad en el derecho administrativo - 2. El estado - 3. Entidades autarquicas - 4. Empresas del estado - 5. Sociedades de economía mixta - 6. Otras personas que se mencionan en derecho administrativo - Titulo IV: 1. Organización administrativa - 2. Los órganos de la administración pública - 3. Competencia - 4. Jerarquía - 5. Potestades administrativas - 6. Centralización y descentralización - 7. El control o la fiscalización en la administración pública.
590 ## - LOCAL NOTE (RLIN)
Local note niveau_biblio:m niveau_hierar:0
942 ## - ADDED ENTRY ELEMENTS (KOHA)
Koha item type
Existencias
Withdrawn status Lost status Damaged status Not for loan Home library Current library Shelving location Date acquired Total checkouts Full call number Barcode Date last seen Price effective from Koha item type
        Biblioteca Prof. Eusebio Cleto del Rey Biblioteca Prof. Eusebio Cleto del Rey   07/04/2026   342.9 M334 v.1 2ed. L26787 07/04/2026 07/04/2026 Libro